000 00580nam a2200217Ia 4500
005 20230613105956.0
008 140110s9999 xx 000 0 und d
020 _a9788130915883
_cRs.295.00
040 _aLoreto College
041 _aEnglish
082 _a301
_bWOO
100 _aWoods,Tim
245 _aBeginning postmodernism
_cTim Woods
250 _a2nd ed(1st Indian ed 2010)
260 _aNew Delhi
_bViva Books
_c2010
300 _axx,329p
504 _aIncludes bibliographical references and index
650 _aPostmodernism
850 _aLCLIB
942 _cBK
999 _c37763
_d88242